000 00265nam a22001217a 4500
008 170616b xxu||||| |||| 00| 0 eng d
041 _aeng
080 _a32
100 _a32
101 _aSHP
245 _aPOLITICAL PARTICIPATION
_cMILBRATH.L.W
942 _2udc
_cBK
999 _c17686
_d17686